Welcome to the Holygrace Academy Library

Please use search bar below to get started

TIGERLILY'S ORCHIDS (Record no. 3794)

MARC details
000 -LEADER
fixed length control field 00536nam a22001457a 4500
020 ## - INTERNATIONAL STANDARD BOOK NUMBER
ISBN 9780099550648
082 ## - DEWEY DECIMAL CLASSIFICATION NUMBER
Classification number 823
Item number REN/T
100 ## - MAIN ENTRY--AUTHOR NAME
Personal name RENDELL, RUTH
245 ## - TITLE STATEMENT
Title TIGERLILY'S ORCHIDS
260 ## - PUBLICATION, DISTRIBUTION, ETC. (IMPRINT)
Place of publication LONDON
Name of publisher ARROW BOOKS
Year of publication 2010
300 ## - PHYSICAL DESCRIPTION
Number of Pages 340
520 ## - SUMMARY, ETC.
Summary, etc Living in a townhouse opposite Stuart's building, in reclusive isolation, is a young, beautiful Asian woman known as Tigerlily. As though from some strange urban fairytale, she emerges infrequently to exert a terrible spell.
650 ## - SUBJECT ADDED ENTRY--TOPICAL TERM
Topical Term NOVEL
Geographic subdivision UNITED KINGDOM
942 ## - ADDED ENTRY ELEMENTS (KOHA)
Koha item type Books
Holdings
Withdrawn status Lost status Collection code Home library Current library Shelving location Date acquired Source of acquisition Full call number Accession Number Koha item type
    Fiction Main Library Main Library SHELF-14-K- ALPHABETICAL- R --ENGLISH NOVELS & FICTIONS 05/03/2011 purchase 823 REN/T 00537 Books